Quick Pick: Star Wars Quotes Quiz Stats

Quiz Updated Jul 4, 2016

Challenge
Share
Tweet
Embed
Score 0/10 Timer 01:00
4 Plays Today
% Correct
Luke Skywalker
87.4%
C-3PO
80.6%
Obi-Wan Kenobi
76.4%
Yoda
74.9%
Princess Leia Organa
70.8%
Greedo
68.9%
Darth Vader
67.6%
Grand Moff Tarkin
67.4%
Stormtrooper
67.4%
Han Solo
66.4%

Today's Daily Dose

Missing Word
Brians

On This Day
January 17th

You're not logged in!

Compare scores with friends on all Sporcle quizzes.
Sign Up with Email
OR
Log In

You Might Also Like...

Show Comments

Extras

Top Quizzes Today


Score Distribution

Your Account Isn't Verified!

In order to create a playlist on Sporcle, you need to verify the email address you used during registration. Go to your Sporcle Settings to finish the process.